[Event "Stuttgarter Stadtmeisterschaft 2010 A"]
[Site "Ditzingen"]
[Date "2010.05.15"]
[Round "5.31"]
[White "Wagner, Dennis"]
[Black "Hünerberg, Clemens"]
[Result "1-0"]
[WhiteElo "2112"]
[BlackElo "1984"]
[PlyCount "97"]
[EventDate "2010.??.??"]
[WhiteTeam "Kasseler SK 1876"]
[BlackTeam "SF 1954 Conweiler e.V."]

1. e4 g6 2. d4 Bg7 3. Nc3 d6 4. f4 e6 5. Nf3 Ne7 6. Bd3 a6 7. Be3 Nd7 8. O-O c5
9. dxc5 Nxc5 10. Bxc5 dxc5 11. e5 Qb6 12. Na4 Qc6 13. c4 Bd7 14. Nc3 Nf5 15.
Qe2 h5 16. Qf2 Bf8 17. Rad1 Be7 18. Ne4 Qc7 19. Neg5 Bc6 20. Be4 Bxe4 21. Nxe4
O-O 22. g3 Rad8 23. Qe2 Rxd1 24. Rxd1 Rd8 25. Kf2 b6 26. Rd3 Rxd3 27. Qxd3 Qd8
28. Qxd8+ Bxd8 29. h3 Kf8 30. g4 hxg4 31. hxg4 Ne7 32. Nd6 Nc6 33. Ke3 Ke7 34.
Ne4 Bc7 35. Nf6 Na5 36. Kd3 Nc6 37. a3 Kf8 38. Nd2 Ke7 39. Nde4 Nxe5+ 40. fxe5
Bxe5 41. g5 Bxb2 42. a4 a5 43. Ng4 Bd4 44. Nd2 Bb2 45. Nf3 Kd6 46. Ke4 Bg7 47.
Nf6 Ke7 48. Ke5 Bf8 49. Nd2 1-0

[Event "Stuttgarter Stadtmeisterschaft 2010 A"]
[Site "Ditzingen"]
[Date "2010.05.15"]
[Round "5.44"]
[White "Probst, Alexander"]
[Black "Günthner, Arthur"]
[Result "1/2-1/2"]
[WhiteElo "2024"]
[BlackElo "1897"]
[PlyCount "82"]
[EventDate "2010.??.??"]
[WhiteTeam "SC Blau.Turm Bad Wimpfen"]
[BlackTeam "Mönchfelder SV 1967"]

1. Nf3 Nf6 2. c4 g6 3. g3 Bg7 4. Bg2 O-O 5. d4 d6 6. Nc3 Nbd7 7. O-O e5 8. Qc2
exd4 9. Nxd4 Ne5 10. Bg5 h6 11. Bxf6 Bxf6 12. Nd5 Bg7 13. Rad1 c6 14. Nf4 Qc7
15. b4 a6 16. a4 Bd7 17. Rd2 Rac8 18. Rfd1 Rfd8 19. Qb3 Kh7 20. Be4 Be8 21. h4
Kg8 22. Bb1 h5 23. Qc2 b5 24. axb5 axb5 25. cxb5 cxb5 26. Qe4 Bc6 27. Nxc6 Qxc6
28. Nd5 Qe8 29. Nb6 Rc6 30. Nd5 Rdc8 31. Ba2 Rc1 32. Nf4 Qc6 33. Qxc6 Rxd1+ 34.
Rxd1 Rxc6 35. Kg2 Rc2 36. Bd5 Rb2 37. Bb7 Rxb4 38. Rxd6 Rb2 39. Bd5 Kf8 40. Rb6
b4 41. Rb7 Bh6 1/2-1/2

[Event "Stuttgarter Stadtmeisterschaft 2010 A"]
[Site "Ditzingen"]
[Date "2010.05.15"]
[Round "5.47"]
[White "Janata, Andreas"]
[Black "Bergner, Philipp"]
[Result "1/2-1/2"]
[WhiteElo "2002"]
[BlackElo "1884"]
[PlyCount "78"]
[EventDate "2010.??.??"]
[WhiteTeam "Sabt SpVgg Rommelshausen"]
[BlackTeam "Mönchfelder SV 1967"]

1. d4 Nf6 2. c4 g6 3. Nc3 Bg7 4. e4 d6 5. Nf3 O-O 6. Be2 e5 7. O-O Nc6 8. d5
Ne7 9. b4 Nh5 10. Re1 f5 11. Bf1 fxe4 12. Ng5 h6 13. Ngxe4 Nf5 14. g4 Nd4 15.
Bg2 Nf4 16. Bxf4 Rxf4 17. f3 Qh4 18. Rf1 Bd7 19. Ne2 Nxe2+ 20. Qxe2 Raf8 21. h3
h5 22. Qf2 Qxf2+ 23. Rxf2 Bf6 24. Rc1 hxg4 25. hxg4 Be7 26. c5 Rc8 27. cxd6
cxd6 28. Rxc8+ Bxc8 29. Rc2 Rf8 30. Rc7 Bd8 31. Rc2 Bb6+ 32. Kh2 Rd8 33. Nxd6
Rxd6 34. Rxc8+ Kf7 35. Rb8 Rxd5 36. Rxb7+ Ke6 37. g5 Rd2 38. a4 Kf5 39. Kg3
Kxg5 1/2-1/2

[Event "Stuttgarter Stadtmeisterschaft 2010 A"]
[Site "Ditzingen"]
[Date "2010.05.15"]
[Round "5.25"]
[White "Sieker, Roland"]
[Black "Migl, Dieter"]
[Result "1/2-1/2"]
[WhiteElo "2050"]
[BlackElo "2183"]
[PlyCount "73"]
[EventDate "2010.??.??"]
[WhiteTeam "Mönchfelder SV 1967"]
[BlackTeam "Stuttgarter SF 1879"]

1. e4 d5 2. Nc3 e6 3. d3 Nf6 4. Bd2 Be7 5. f4 c5 6. Nf3 Nc6 7. g3 Rb8 8. Bg2 b5
9. exd5 exd5 10. O-O O-O 11. Be1 Re8 12. Bf2 b4 13. Na4 Ng4 14. Qd2 Qa5 15. b3
Bd7 16. a3 Nxf2 17. axb4 Qxb4 18. Qxf2 Be6 19. Ng5 Bf6 20. c3 Qb5 21. Qxc5
Qxc5+ 22. Nxc5 Bxc3 23. Rac1 Bd4+ 24. Kh1 Nb4 25. Ncxe6 fxe6 26. Bh3 Rb6 27.
Rce1 e5 28. fxe5 Nxd3 29. Re2 Nf2+ 30. Rfxf2 Bxf2 31. Rxf2 Rxe5 32. Nf3 Re3 33.
Nd4 Re4 34. Rd2 Rb4 35. Nc6 Rb6 36. Nd4 Rb4 37. Nc6 1/2-1/2

[Event "Stuttgarter Stadtmeisterschaft 2010 A"]
[Site "Ditzingen"]
[Date "2010.05.15"]
[Round "5.16"]
[White "Sarchisov, Slavik"]
[Black "Braun, Peter"]
[Result "1-0"]
[WhiteElo "2102"]
[BlackElo "2228"]
[PlyCount "49"]
[EventDate "2010.??.??"]
[WhiteTeam "OSG Baden-Baden"]
[BlackTeam "SK Frankenthal"]

1. e4 c5 2. Nf3 Nc6 3. d4 cxd4 4. Nxd4 g6 5. Nc3 Bg7 6. Nb3 Bxc3+ 7. bxc3 Nf6
8. Bd3 d5 9. exd5 Qxd5 10. O-O O-O 11. Re1 Rd8 12. Ba3 b6 13. Qe2 Bb7 14. Bc4
Qg5 15. f3 Rd7 16. Nd4 Rxd4 17. cxd4 Nxd4 18. Qxe7 Nxf3+ 19. Kh1 Qh4 20. h3 Qf4
21. Bd6 Ng4 22. Rf1 Qxc4 23. Qxb7 Rd8 24. Qxf3 Rxd6 25. Qxg4 1-0

[Event "Stuttgarter Stadtmeisterschaft 2010 A"]
[Site "Ditzingen"]
[Date "2010.05.15"]
[Round "5.40"]
[White "Stitterich, Nadine"]
[Black "Stiepan, Hans-Michael"]
[Result "1-0"]
[WhiteElo "1974"]
[BlackElo "2135"]
[PlyCount "65"]
[EventDate "2010.??.??"]
[WhiteTeam "SV Stuttgart-Wolfbusch 1956 e.V."]
[BlackTeam "SAbt SV Jedesheim 1921"]

1. e4 e6 2. d4 d5 3. Nc3 Bb4 4. e5 c5 5. Bd2 Ne7 6. a3 Bxc3 7. Bxc3 Nbc6 8. Nf3
cxd4 9. Nxd4 Bd7 10. f4 Nxd4 11. Qxd4 Nf5 12. Qf2 Bc6 13. O-O-O Qh4 14. Be1
Qxf2 15. Bxf2 O-O 16. Rg1 f6 17. g4 Ne7 18. Bc5 Rfe8 19. Bd3 fxe5 20. fxe5 b6
21. Bxe7 Rxe7 22. Rdf1 Be8 23. g5 Rf7 24. Bxh7+ Kf8 25. Bg6 Rxf1+ 26. Rxf1+ Ke7
27. Bxe8 Rxe8 28. g6 Rh8 29. Rf7+ Ke8 30. Rxg7 Rxh2 31. Rxa7 Kf8 32. g7+ Kg8
33. Re7 1-0

[Event "Stuttgarter Stadtmeisterschaft 2010 A"]
[Site "Ditzingen"]
[Date "2010.05.15"]
[Round "5.23"]
[White "Kerpe, Andreas"]
[Black "Geigle, Bruno"]
[Result "1/2-1/2"]
[WhiteElo "2128"]
[BlackElo "1981"]
[PlyCount "40"]
[EventDate "2010.??.??"]
[WhiteTeam "SAbt TSF Ditzingen"]
[BlackTeam "SK Lauffen"]

1. e4 d6 2. d4 Nf6 3. Nc3 g6 4. Bc4 Bg7 5. Qe2 Nc6 6. Nf3 Bg4 7. Be3 e5 8. Bb5
Nd7 9. Bxc6 bxc6 10. Qc4 Bxf3 11. gxf3 O-O 12. O-O-O exd4 13. Bxd4 Ne5 14. Bxe5
Bxe5 15. Qxc6 Rb8 16. h4 Rb6 17. Qc4 Qb8 18. b3 Rb4 19. Qc6 Rb6 20. Qc4 Rb4
1/2-1/2

[Event "Stuttgarter Stadtmeisterschaft 2010 A"]
[Site "Ditzingen"]
[Date "2010.05.15"]
[Round "5.27"]
[White "Stanescu, Christian"]
[Black "Erben, Larissa"]
[Result "1-0"]
[WhiteElo "2140"]
[BlackElo "2042"]
[PlyCount "65"]
[EventDate "2010.??.??"]
[WhiteTeam "SAbt TSF Ditzingen"]
[BlackTeam "SV Stuttgart-Wolfbusch 1956 e.V."]

1. c4 e6 2. Nc3 d5 3. e4 d4 4. Nce2 Nc6 5. d3 e5 6. a3 a5 7. b3 Bg4 8. f3 Be6
9. f4 f5 10. exf5 Bxf5 11. Ng3 Qf6 12. Nxf5 Qxf5 13. g3 Bd6 14. Bh3 Qf6 15. Nf3
exf4 16. O-O Nge7 17. Nh4 O-O 18. Bxf4 Bxf4 19. Rxf4 Qh6 20. Re4 Rf6 21. Qe2
Raf8 22. Rxe7 Nxe7 23. Qxe7 Qd2 24. Be6+ Kh8 25. Nf5 Qg5 26. Rf1 h6 27. Rf4 Qg6
28. Kg2 Re8 29. Nh4 Qh5 30. Rxf6 Qe2+ 31. Rf2 Qxe6 32. Rf8+ Rxf8 33. Qxe6 1-0

[Event "Stuttgarter Stadtmeisterschaft 2010 A"]
[Site "Ditzingen"]
[Date "2010.05.15"]
[Round "5.38"]
[White "Huynh, Nhi Lang"]
[Black "Braun, Georg"]
[Result "0-1"]
[WhiteElo "1869"]
[BlackElo "2074"]
[PlyCount "74"]
[EventDate "2010.??.??"]
[WhiteTeam "SAbt TSG Heilbronn 1845 e.V."]
[BlackTeam "SK Bebenhausen 1992"]

1. d4 Nf6 2. Nf3 g6 3. c4 c5 4. Nc3 cxd4 5. Nxd4 Nc6 6. g3 Bg7 7. Bg2 O-O 8.
O-O Nxd4 9. Qxd4 d6 10. Rd1 Nd7 11. Qd2 Rb8 12. b3 a6 13. Bb2 b5 14. cxb5 axb5
15. Nd5 Bxb2 16. Qxb2 Bb7 17. e4 Bxd5 18. Rxd5 b4 19. Rad1 Qb6 20. Bf1 Ne5 21.
Be2 Rfc8 22. Rb5 Qc6 23. Rxb8 Rxb8 24. Qd4 Nd7 25. f4 Nc5 26. e5 Ne6 27. Qd5
Qb6+ 28. Kg2 Rd8 29. Qb5 Qe3 30. exd6 exd6 31. Qd3 Qc5 32. Qc4 d5 33. Qxc5 Nxc5
34. Rd4 Ra8 35. Rxd5 Rxa2 36. Kf3 Nxb3 37. Rb5 Nd4+ 0-1

[Event "Stuttgarter Stadtmeisterschaft 2010 A"]
[Site "Ditzingen"]
[Date "2010.05.15"]
[Round "5.54"]
[White "Sommerhalder, Eric"]
[Black "Novak, Josua"]
[Result "0-1"]
[WhiteElo "1954"]
[BlackElo "1865"]
[PlyCount "64"]
[EventDate "2010.??.??"]
[WhiteTeam "SC Brombach e.V."]
[BlackTeam "SAbt TSV Münchingen"]

1. e4 c5 2. Nf3 g6 3. d4 cxd4 4. Qxd4 Nf6 5. Bb5 Nc6 6. Bxc6 bxc6 7. e5 Nd5 8.
c4 Nb6 9. e6 f6 10. Ng5 c5 11. Qc3 dxe6 12. h4 Qd4 13. Qxd4 cxd4 14. c5 Na4 15.
Ne4 Bb7 16. Nbd2 f5 17. b3 fxe4 18. bxa4 Bh6 19. Nb3 Bg7 20. Bb2 e5 21. Rc1 Rc8
22. O-O Kd7 23. Rfe1 Bc6 24. Na5 Bxa4 25. c6+ Bxc6 26. Nxc6 Rxc6 27. Rxe4 Rb8
28. Rxc6 Kxc6 29. Ba3 Rb1+ 30. Kh2 Kd5 31. Re2 d3 32. Rd2 Kc4 0-1

[Event "Stuttgarter Stadtmeisterschaft 2010 A"]
[Site "Ditzingen"]
[Date "2010.05.15"]
[Round "5.49"]
[White "Hirschfeld, Dennis"]
[Black "Baskin, Robert"]
[Result "1/2-1/2"]
[WhiteElo "1980"]
[BlackElo "1828"]
[PlyCount "50"]
[EventDate "2010.??.??"]
[WhiteTeam "SV Besigheim"]
[BlackTeam "SAbt TuS Makkabi Ffm"]

1. d4 d5 2. c4 e6 3. Nc3 Nf6 4. cxd5 exd5 5. Bg5 Be7 6. e3 O-O 7. Bd3 c6 8. Qc2
Nbd7 9. Nf3 Re8 10. O-O Nf8 11. Bxf6 Bxf6 12. b4 a6 13. Na4 Ng6 14. Nc5 Qe7 15.
Bf5 Bxf5 16. Qxf5 Red8 17. Rab1 Nf8 18. Qc2 Ne6 19. a4 Rac8 20. Qd3 h6 21. Rfc1
Nxc5 22. Rxc5 Re8 23. Nd2 Qd7 24. Rcc1 Be7 25. Qc3 Bd6 1/2-1/2

[Event "Stuttgarter Stadtmeisterschaft 2010 A"]
[Site "Ditzingen"]
[Date "2010.05.15"]
[Round "5.34"]
[White "Reichert, Matthias"]
[Black "Lebeda, Timo"]
[Result "1/2-1/2"]
[WhiteElo "2092"]
[BlackElo "1944"]
[PlyCount "69"]
[EventDate "2010.??.??"]
[WhiteTeam "SG Schwäb.Gmünd 1872 e.V"]
[BlackTeam "SAbt VFB Reichenbach"]

1. e4 c5 2. Nf3 d6 3. d4 cxd4 4. Nxd4 Nf6 5. Nc3 a6 6. a4 e6 7. Be2 Be7 8. O-O
Qc7 9. f4 Nbd7 10. Bf3 Nc5 11. Be3 O-O 12. Kh1 Rb8 13. Qe1 b6 14. Bg1 Bb7 15.
e5 dxe5 16. fxe5 Nfd7 17. Bxb7 Nxb7 18. Nf3 Rbc8 19. Rd1 Rfd8 20. Qg3 Na5 21.
Be3 Nc4 22. Bh6 Bf8 23. Bg5 Re8 24. Ne4 Ncxe5 25. Nxe5 Qxe5 26. Rxd7 Qxe4 27.
Rdxf7 Qxc2 28. h4 Qxa4 29. Ra7 a5 30. Qf3 Kh8 31. Qb7 Qb4 32. Bf6 Qg4 33. Bg5
Qb4 34. Bf6 Qg4 35. Bg5 1/2-1/2

[Event "Stuttgarter Stadtmeisterschaft 2010 A"]
[Site "Ditzingen"]
[Date "2010.05.15"]
[Round "5.26"]
[White "Fahnenschmidt, Gerhard"]
[Black "Hagemann, Tim"]
[Result "0-1"]
[WhiteElo "2059"]
[BlackElo "2164"]
[PlyCount "115"]
[EventDate "2010.??.??"]
[WhiteTeam "SAbt VfL Sindelfingen"]
[BlackTeam "SC BW Kirchentellinsfurt"]

1. c4 e6 2. d4 Nf6 3. Nf3 Bb4+ 4. Nbd2 d6 5. Qa4+ Nc6 6. d5 exd5 7. cxd5 Nxd5
8. e4 Nde7 9. Bc4 O-O 10. O-O Ng6 11. a3 Bc5 12. b4 Bb6 13. Bb2 Nce5 14. Qb3
Qe7 15. Qc3 Kh8 16. Nd4 Bxd4 17. Qxd4 f6 18. f4 Nxc4 19. Nxc4 Re8 20. Rae1 Bd7
21. h4 b5 22. h5 c5 23. Qd5 Be6 24. Qxd6 Bxc4 25. hxg6 Rac8 26. Qa6 Bxf1 27.
Kxf1 Qd7 28. bxc5 Rxc5 29. e5 Re6 30. Qa5 Qd3+ 31. Re2 Rc8 32. Kf2 fxe5 33. Qe1
Rxg6 34. Bxe5 Qg3+ 35. Kg1 Qxe1+ 36. Rxe1 Kg8 37. Rd1 Kf7 38. Rd7+ Ke6 39. Rxa7
Kd5 40. Kf2 Kc4 41. Kf3 h5 42. Bxg7 Rg8 43. Be5 Rg3+ 44. Ke4 Rxg2 45. Rh7 Re2+
46. Kf3 Ra2 47. Rxh5 Rxa3+ 48. Ke4 b4 49. f5 Rg4+ 50. Bf4 Rd3 51. Ke5 Rd5+ 52.
Ke6 Rxf4 53. Rh1 Rdxf5 54. Rc1+ Kb5 55. Rd1 b3 56. Rd8 Rf8 57. Rd7 Re4+ 58. Kd5
0-1

[Event "Stuttgarter Stadtmeisterschaft 2010 A"]
[Site "Ditzingen"]
[Date "2010.05.15"]
[Round "5.48"]
[White "Baumeister, Jürgen"]
[Black "Braun, Rüdiger-Thomas"]
[Result "0-1"]
[WhiteElo "1847"]
[BlackElo "1988"]
[PlyCount "70"]
[EventDate "2010.??.??"]
[WhiteTeam "SC Asperg"]
[BlackTeam "SF Birkenfeld"]

1. e4 e5 2. Nf3 Nc6 3. Bb5 f5 4. Nc3 fxe4 5. Bxc6 exf3 6. Bxf3 Nf6 7. d3 Bc5 8.
Qe2 O-O 9. Bg5 Bb6 10. O-O-O Qe8 11. h4 c6 12. h5 d5 13. Rde1 Qe6 14. Rh4 d4
15. Nb1 Qxa2 16. h6 g6 17. Qxe5 Bd7 18. Bxf6 Rae8 19. Be7 Rf7 20. Rhe4 Rfxe7
21. Qxe7 Rxe7 22. Rxe7 Qa5 23. Rg7+ Kf8 24. Ree7 Qg5+ 25. Nd2 Qxe7 26. Rxe7
Kxe7 27. g4 Be6 28. Be4 Bc7 29. Bxg6 hxg6 30. h7 Be5 31. f4 Bh8 32. g5 Kf7 33.
Ne4 Bd5 34. Nf6 Ke6 35. Kd1 Kf5 0-1

[Event "Stuttgarter Stadtmeisterschaft 2010 A"]
[Site "Ditzingen"]
[Date "2010.05.15"]
[Round "5.17"]
[White "Zhou, Syang"]
[Black "Osmanovic, Faruk"]
[Result "1-0"]
[WhiteElo "2206"]
[BlackElo "2104"]
[PlyCount "67"]
[EventDate "2010.??.??"]
[WhiteTeam "SF Deizisau"]
[BlackTeam "SC Blau.Turm Bad Wimpfen"]

1. e4 c5 2. Nf3 d6 3. d4 cxd4 4. Nxd4 Nf6 5. Nc3 a6 6. h3 e6 7. g4 Be7 8. Bg2
Nfd7 9. Be3 Nc6 10. O-O O-O 11. Qe2 Qc7 12. Rad1 Nxd4 13. Bxd4 b5 14. e5 Rb8
15. exd6 Bxd6 16. Ne4 Bh2+ 17. Kh1 Bb7 18. Qd2 Be5 19. Rfe1 Rfd8 20. Qg5 Bxe4
21. Bxe4 Bxd4 22. Rxd4 Nf6 23. Rxd8+ Rxd8 24. Bd3 Qa5 25. Rd1 Rd5 26. Qf4 e5
27. Qe3 Qd8 28. g5 Nh5 29. Bxh7+ Kh8 30. Rxd5 Qxd5+ 31. Be4 Qd6 32. Qa7 Kg8 33.
Qa8+ Qf8 34. Bh7+ 1-0

[Event "Stuttgarter Stadtmeisterschaft 2010 A"]
[Site "Ditzingen"]
[Date "2010.05.15"]
[Round "5.15"]
[White "Dudek, Richard"]
[Black "Aerni, Andreas"]
[Result "1-0"]
[WhiteElo "2258"]
[BlackElo "2111"]
[PlyCount "79"]
[EventDate "2010.??.??"]
[WhiteTeam "SC Eppingen"]
[BlackTeam "SC Brombach e.V."]

1. e4 d5 2. exd5 Qxd5 3. Nc3 Qa5 4. d4 Nf6 5. Nf3 c6 6. h3 Bf5 7. Bd3 Bxd3 8.
Qxd3 Nbd7 9. O-O e6 10. Bd2 Bb4 11. a3 Bxc3 12. Bxc3 Qh5 13. Bb4 O-O-O 14. Be7
Rde8 15. Bd6 g5 16. Bg3 Nd5 17. c4 Nf4 18. Qe3 Rhg8 19. Kh1 f5 20. Bxf4 gxf4
21. Qxf4 Rg4 22. Qh2 Re4 23. Rfe1 Nf6 24. Rxe4 Nxe4 25. Rf1 Rg8 26. Qf4 Qg6 27.
g3 Nf6 28. Nh4 Qf7 29. Rc1 Qd7 30. Qe5 Ne4 31. Kg2 b6 32. b4 Kb7 33. Rd1 Nd6
34. d5 exd5 35. cxd5 Re8 36. Qd4 Re2 37. Rc1 cxd5 38. Qxd5+ Kb8 39. Rd1 Kc7 40.
Nxf5 1-0

[Event "Stuttgarter Stadtmeisterschaft 2010 A"]
[Site "Ditzingen"]
[Date "2010.05.15"]
[Round "5.37"]
[White "Lerner, Jürgen"]
[Black "Lumsdon, Andrew"]
[Result "0-1"]
[WhiteElo "1884"]
[BlackElo "2081"]
[PlyCount "102"]
[EventDate "2010.??.??"]
[WhiteTeam "SC Überlingen"]
[BlackTeam "SC Brombach e.V."]

1. d4 Nf6 2. c4 c5 3. d5 b5 4. cxb5 a6 5. b6 d6 6. Nc3 g6 7. a4 Qxb6 8. a5 Qc7
9. e4 Bg7 10. Bc4 O-O 11. f4 Nbd7 12. Nf3 Rb8 13. O-O Rb4 14. Qe2 Qa7 15. Na4
Ng4 16. h3 Bd4+ 17. Nxd4 cxd4 18. Bd3 Ne3 19. Bxe3 dxe3 20. Rf3 Qd4 21. Nb6
Rxb2 22. Qxe3 Qxe3+ 23. Rxe3 Nxb6 24. axb6 Rxb6 25. Be2 Bb7 26. Rc3 e6 27. dxe6
fxe6 28. g3 Bxe4 29. Rxa6 Rxa6 30. Bxa6 Ra8 31. Rc8+ Rxc8 32. Bxc8 Kf7 33. Kf2
Kf6 34. Ke3 Bg2 35. h4 e5 36. fxe5+ Kxe5 37. Bd7 d5 38. Bc8 d4+ 39. Kd3 Bf1+
40. Kd2 Bc4 41. Bg4 Ke4 42. Bd1 d3 43. Bg4 h5 44. Bd1 Be6 45. Ba4 Kf3 46. Kxd3
Kxg3 47. Ke3 Kxh4 48. Kf2 Bd5 49. Kg1 Kg3 50. Be8 h4 51. Bxg6 h3 0-1

[Event "Stuttgarter Stadtmeisterschaft 2010 A"]
[Site "Ditzingen"]
[Date "2010.05.15"]
[Round "5.28"]
[White "Schuster, Gerhard"]
[Black "Bärner, Helmut"]
[Result "1/2-1/2"]
[WhiteElo "1996"]
[BlackElo "2126"]
[PlyCount "56"]
[EventDate "2010.??.??"]
[WhiteTeam "SC Feuerbach e. V."]
[BlackTeam "SC Tamm 74"]

1. e4 g6 2. d4 c6 3. Nf3 d5 4. Nbd2 Bg7 5. Bd3 Bg4 6. c3 Nd7 7. O-O dxe4 8.
Nxe4 Ngf6 9. h3 Bxf3 10. Qxf3 Nxe4 11. Qxe4 Nf6 12. Qf3 Qd5 13. Qe2 e6 14. Bf4
O-O 15. Be5 Nd7 16. c4 Qa5 17. b4 Qxb4 18. Rab1 Qa5 19. Bxg7 Kxg7 20. Rxb7 Nb6
21. Qxe6 Qxa2 22. Qxc6 Rac8 23. Qe6 Kg8 24. Qe2 Qxe2 25. Bxe2 Rfe8 26. c5 Rxe2
27. cxb6 axb6 28. Rxb6 Rd2 1/2-1/2

[Event "Stuttgarter Stadtmeisterschaft 2010 A"]
[Site "Ditzingen"]
[Date "2010.05.15"]
[Round "5.60"]
[White "Klaus, Daniel"]
[Black "Ruff, Robert"]
[Result "1-0"]
[WhiteElo "1985"]
[BlackElo "1848"]
[PlyCount "91"]
[EventDate "2010.??.??"]
[WhiteTeam "SF Möglingen 1976"]
[BlackTeam "SC Gross-Sachsenheim"]

1. e4 e6 2. d4 d5 3. Nc3 Bb4 4. e5 c5 5. a3 Bxc3+ 6. bxc3 Ne7 7. Nf3 Qa5 8. Bd2
Nbc6 9. a4 Bd7 10. c4 Qc7 11. cxd5 Nxd5 12. c4 Nde7 13. Bc3 cxd4 14. Bxd4 Nxd4
15. Qxd4 Nf5 16. Qc3 Bc6 17. Be2 Rc8 18. O-O O-O 19. Rfd1 Rfd8 20. a5 h6 21.
Rac1 Qe7 22. h3 Qc5 23. Rxd8+ Rxd8 24. Rd1 Rc8 25. Kf1 Kf8 26. Ke1 Ke8 27. g4
Bxf3 28. Bxf3 Ne7 29. Bxb7 Qxc4 30. Qd2 Qc3 31. Bxc8 Qxd2+ 32. Kxd2 Nxc8 33.
Kc3 Ne7 34. Rd6 Nd5+ 35. Rxd5 exd5 36. Kd4 a6 37. Kxd5 Kd7 38. f4 g6 39. h4 Kc7
40. e6 f6 41. g5 hxg5 42. hxg5 fxg5 43. fxg5 Kc8 44. Ke5 Kd8 45. Kf6 Ke8 46. e7
1-0

[Event "Stuttgarter Stadtmeisterschaft 2010 A"]
[Site "Ditzingen"]
[Date "2010.05.15"]
[Round "5.50"]
[White "Kreiter, Thomas"]
[Black "König, Dirk"]
[Result "1-0"]
[WhiteElo "1935"]
[BlackElo "2106"]
[PlyCount "59"]
[EventDate "2010.??.??"]
[WhiteTeam "SC Tamm 74"]
[BlackTeam "SC Grunbach"]

1. d4 d6 2. Nf3 g6 3. Nbd2 Bg7 4. c3 Nf6 5. e4 O-O 6. Be2 Nc6 7. O-O e5 8. Re1
a5 9. Bf1 Nh5 10. dxe5 dxe5 11. Bc4 Nf4 12. Qc2 Qe7 13. h3 Qc5 14. a4 Bxh3 15.
gxh3 Nxh3+ 16. Kg2 Nxf2 17. b3 Ng4 18. Nf1 Rfd8 19. Ba3 Qb6 20. Qe2 h5 21. Ng5
Rd7 22. Qf3 Bf6 23. Rad1 Rad8 24. Rxd7 Rxd7 25. Bc1 Kg7 26. Nh2 Bxg5 27. Bxg5
f6 28. Nxg4 fxg5 29. Qf6+ Kh7 30. Qf8 1-0

[Event "Stuttgarter Stadtmeisterschaft 2010 A"]
[Site "Ditzingen"]
[Date "2010.05.15"]
[Round "5.59"]
[White "Baumeister, Wolfgang"]
[Black "Turski, Tomasz"]
[Result "0-1"]
[WhiteElo "1881"]
[BlackElo "2056"]
[PlyCount "104"]
[EventDate "2010.??.??"]
[WhiteTeam "SC Kreuzberg e.V."]
[BlackTeam "SC Ingersheim e.V."]

1. e4 d6 2. d4 Nf6 3. Nc3 c6 4. f3 g6 5. Be3 Bg7 6. Qd2 O-O 7. O-O-O Qc7 8. g4
b5 9. h4 e5 10. dxe5 dxe5 11. Bc5 Re8 12. h5 Nbd7 13. Be3 Nf8 14. h6 Bh8 15.
Kb1 Be6 16. Bd3 Red8 17. Nh3 Bc4 18. Qc1 Bxd3 19. Rxd3 Rxd3 20. cxd3 Ne6 21.
Ng5 Qd7 22. Qc2 a5 23. Nxe6 Qxe6 24. Bc5 Nd7 25. Ne2 Bf6 26. Be3 Be7 27. d4 Bf8
28. dxe5 Nxe5 29. Nd4 Qd7 30. Rd1 Rd8 31. Bg5 Be7 32. Bxe7 Qxe7 33. Nb3 a4 34.
Rxd8+ Qxd8 35. Nc1 Nc4 36. Qc3 Qf8 37. g5 f6 38. Qxf6 Qxf6 39. gxf6 Kf7 40. Kc2
Kxf6 41. Ne2 g5 42. Nd4 Ne5 43. b3 axb3+ 44. Kxb3 Kg6 45. Nxb5 cxb5 46. Kb4
Nxf3 47. Kxb5 g4 48. a4 Nd4+ 49. Kc4 Nc6 50. Kd3 Kxh6 51. Ke3 Kg5 52. e5 Kf5
0-1

[Event "Stuttgarter Stadtmeisterschaft 2010 A"]
[Site "Ditzingen"]
[Date "2010.05.15"]
[Round "5.43"]
[White "Zikeli, Saskia"]
[Black "Schäfer, Daniela"]
[Result "1-0"]
[WhiteElo "2033"]
[BlackElo "1917"]
[PlyCount "57"]
[EventDate "2010.??.??"]
[WhiteTeam "SC Ingersheim e.V."]
[BlackTeam "SF Deizisau"]

1. c4 c6 2. Nf3 d5 3. b3 dxc4 4. bxc4 e5 5. Qc2 Bd6 6. Bb2 Nd7 7. g3 Ngf6 8.
Bg2 O-O 9. O-O Re8 10. Nc3 Nc5 11. d4 exd4 12. Nxd4 Qc7 13. Rad1 Bf8 14. h3 Bd7
15. e4 Qb6 16. Rfe1 Be6 17. Nxe6 Rxe6 18. e5 Nfd7 19. Ne4 Nxe4 20. Bxe4 Nc5 21.
Bxh7+ Kh8 22. Bf5 Ree8 23. Qe2 Kg8 24. Qh5 g6 25. Bxg6 fxg6 26. Qxg6+ Bg7 27.
Bd4 Qa5 28. e6 Re7 29. Bf6 1-0

[Event "Stuttgarter Stadtmeisterschaft 2010 A"]
[Site "Ditzingen"]
[Date "2010.05.15"]
[Round "5.55"]
[White "Schembera, Jörg"]
[Black "Jehle, Anja"]
[Result "1-0"]
[WhiteElo "1854"]
[BlackElo "1953"]
[PlyCount "79"]
[EventDate "2010.??.??"]
[WhiteTeam "SF Oeffingen e.V."]
[BlackTeam "SC Ingersheim e.V."]

1. d4 Nf6 2. c4 g6 3. Nc3 Bg7 4. e4 d6 5. f3 Nbd7 6. Be3 e5 7. d5 O-O 8. Bd3 c6
9. Qc2 cxd5 10. cxd5 a6 11. Bg5 b5 12. h4 Nb6 13. h5 Nc4 14. Bxc4 bxc4 15. hxg6
fxg6 16. g4 Qc7 17. Qh2 Rb8 18. Rc1 Qf7 19. Rc2 Bh8 20. Bxf6 Bxf6 21. Qh6 Rb7
22. Nd1 Bd8 23. Ne3 Ba5+ 24. Kd1 c3 25. b3 Qc7 26. Qg5 Qc5 27. Nf5 Bxf5 28.
gxf5 Rg7 29. Qh6 gxf5 30. Qe6+ Kh8 31. Ne2 fxe4 32. fxe4 Rgf7 33. Nf4 exf4 34.
Rch2 c2+ 35. Kc1 Qe3+ 36. Kxc2 Rc7+ 37. Kb1 Qd3+ 38. Kb2 Qd4+ 39. Kb1 Qe5 40.
Qg6 $19 {time/Zeitüberschreitung} 1-0

[Event "Stuttgarter Stadtmeisterschaft 2010 A"]
[Site "Ditzingen"]
[Date "2010.05.15"]
[Round "5.56"]
[White "Schömbs, Oliver"]
[Black "Pietzka, Martin"]
[Result "0-1"]
[WhiteElo "1952"]
[BlackElo "1860"]
[PlyCount "136"]
[EventDate "2010.??.??"]
[WhiteTeam "SC Ingersheim e.V."]
[BlackTeam "SV Nürtingen 1920"]

1. d4 Nf6 2. c4 e6 3. Nc3 Bb4 4. Qc2 d5 5. a3 Bxc3+ 6. Qxc3 O-O 7. Nf3 b6 8.
Bg5 Bb7 9. Ne5 Nbd7 10. Rc1 Rc8 11. Nxd7 Qxd7 12. Bxf6 gxf6 13. Qg3+ Kh8 14.
Qh4 Qd8 15. c5 c6 16. g4 Rg8 17. Rg1 Rg7 18. b4 e5 19. Bh3 Rg5 20. Kd2 b5 21.
Rg3 a5 22. e3 Qe7 23. f4 exf4 24. exf4 Re8 25. Bf1 Rg7 26. Bd3 axb4 27. axb4
Bc8 28. h3 f5 29. g5 Rg6 30. Qh5 Re6 31. Rg2 Re1 32. Re2 Rxe2+ 33. Qxe2 Qxe2+
34. Bxe2 Re4 35. Re1 Kg7 36. Kd3 Rxf4 37. Rf1 Rxf1 38. Bxf1 Kg6 39. h4 Kh5 40.
Ke3 Kg4 41. Bd3 f4+ 42. Kf2 Kxh4 43. Bxh7 Kxg5 44. Bd3 Bf5 45. Be2 Be4 46. Bd1
f3 47. Bb3 Kf4 48. Bd1 f6 49. Bb3 Bd3 50. Bd1 Ke4 51. Bxf3+ Kxd4 52. Bh5 Kc4
53. Ke3 Be4 54. Be8 Bh1 55. Bd7 d4+ 56. Kd2 Kxb4 57. Kd3 Kxc5 58. Be8 f5 59.
Bf7 Be4+ 60. Kd2 Kb4 61. Be6 c5 62. Bd7 c4 63. Be8 c3+ 64. Kc1 d3 65. Bh5 f4
66. Be2 f3 67. Bf1 Bf5 68. Be2 fxe2 0-1

[Event "Stuttgarter Stadtmeisterschaft 2010 A"]
[Site "Ditzingen"]
[Date "2010.05.15"]
[Round "5.14"]
[White "Kabisch, Thilo"]
[Black "Bluma, Marcel"]
[Result "1-0"]
[WhiteElo "2311"]
[BlackElo "2095"]
[PlyCount "87"]
[EventDate "2010.??.??"]
[BlackTeam "SC Ingersheim e.V."]

1. e4 e5 2. Nf3 Nc6 3. Bb5 a6 4. Ba4 Nf6 5. O-O b5 6. Bb3 Be7 7. Re1 O-O 8. h3
Bb7 9. c3 d5 10. exd5 Nxd5 11. d3 Kh8 12. a4 f5 13. axb5 axb5 14. Rxa8 Bxa8 15.
Nxe5 Nxe5 16. Rxe5 Nb6 17. f4 Bd6 18. Rxb5 Bc6 19. Ra5 Qh4 20. Qf1 Re8 21. Bd2
Nd7 22. Rxf5 g6 23. Rg5 Nf6 24. Qf2 Qxf2+ 25. Kxf2 Kg7 26. Bc4 h6 27. Ra5 Nh5
28. g3 Bd7 29. h4 Bg4 30. Be3 Nf6 31. b4 Bh5 32. Bd4 Re2+ 33. Kf1 Rb2 34. Na3
Be2+ 35. Ke1 Bf3 36. Nb5 Be7 37. Nxc7 h5 38. Ne8+ Kh6 39. Bxf6 Bf8 40. Bg5+ Kh7
41. Ra7+ Bb7 42. Rxb7+ Bg7 43. Rxg7+ Kh8 44. Rg8+ 1-0